000 00432nam a22001697a 4500
003 NUST
020 _a978-0-500-289198
038 _akhadija
082 _a670.247452
_bTHO
100 _aThompson, Rob.
_986604
245 _aThe Manufacturing Guides Product & Furniture Design /
_cRob Thompson
260 _aNew York :
_bThames & Hudson,
_c2011.
300 _a192 p. ;
500 _aPaperback.
563 _aPB
942 _cBK
_2ddc
999 _c32845
_d32845